| 000 | 00644nam a22002417a 4500 | ||
|---|---|---|---|
| 003 | UA-OsUOA | ||
| 001 | 21184 | ||
| 007 | ta | ||
| 008 | 20031121b un ||||| |||| 00| 0 ukr d | ||
| 100 | _aГамрецький Ю.М. | ||
| 090 |
_a94(477) _bГ18 |
||
| 942 | _cBK | ||
| 040 |
_aUA-OsUOA _bukr _cUA-OsUOA _dUA-OsUOA |
||
| 245 | _aРади робітничих депутатів України в 1917 році (період двовладдя) | ||
| 300 | _a216 с. | ||
| 955 | _a0 | ||
| 041 | _aukr | ||
| 080 | _a94(477) | ||
| 260 |
_aКиїв _bНаукова думка _c1966 |
||
| 044 | _aUA | ||
| 650 | 7 | _2UDC | |
| 999 |
_c307377 _d307377 |
||